NHL BEST FORWARDS (2025) - Statistics

General Stats
  • This quiz has been taken 154 times
  • The average score is 11 of 21
Answer Stats
Rank Team Answer Personal Rating % Correct
1 Oilers Connor McDavid 98
99%
4 Maple Leafs Auston Matthews 96
98%
3 Oilers Leon Draisaitl 96
98%
2 Avalanche Nathan MacKinnon 97
98%
5 Lightning Nikita Kucherov 95
94%
9 Penguins Sidney Crosby 93
69%
20 Capitals Alex Ovechkin 91
57%
15 Devils Jack Hughes 92
38%
11 Maple Leafs Mitch Marner 93
38%
7 Bruins David Pastrnak 94
37%
13 Panthers Matthew Tkachuk 92
37%
10 Golden Knights Jack Eichel 93
36%
14 Maple Leafs William Nylander 92
35%
6 Wild Kirill Kaprizov 94
34%
16 Jets Kyle Connor 91
32%
17 Panthers Sam Reinhart 91
32%
16 Rangers Artemi Panarin 92
30%
19 Golden Knights Mark Stone 91
28%
18 Lightning Brayden Point 91
27%
12 Stars Mikko Rantanen 93
27%
8 Panthers Alex Barkov 94
18%
No matching quizzes found
Score Distribution
Percent of People with Each Score
Percentile by Number Answered
Your Score History
You have not taken this quiz